Etica en el gobierno de la empresa: V coloquio de ética empresarial y económica

Uloženo v:
Podrobná bibliografie
Hlavní autor: Melé Carné, Domènec (autor)
Médium: Kniha
Jazyk:španělština
Vydáno: Pamplona EUNSA 1996
Vydání:1a. ed
Témata:
Tagy: Přidat tag
Žádné tagy, Buďte první, kdo vytvoří štítek k tomuto záznamu!

MARC

LEADER 00000cam a2200000 a 4500
001 UCD6893
003 CL-VaPUC
008 170303e19960000sp |||||||||||||||||spa|d
020 |a 8431314419 
082 0 4 |a 658.403  |b MEL  |2 21 
100 |a Melé Carné, Domènec  |e autor  |9 488839 
245 1 0 |a Etica en el gobierno de la empresa: V coloquio de ética empresarial y económica 
250 |a 1a. ed 
300 |a 315 p 
942 |c BK 
945 |d 20170303 17:35:00  |a dcastane 
260 |a Pamplona  |b EUNSA  |c 1996 
650 0 |a Ética empresarial   |9 428363 
650 0 |a Toma de decisiones   |9 257530 
650 0 |a Administración de empresas   |9 260833 
583 |a last modification  |c 20170303 17:35:00  |k Rodrigo Vera 
999 |c 367070  |d 367068 
952 |0 0  |1 0  |3 erb  |4 0  |6 658_403000000000000_MEL_1996  |7 0  |8 A  |9 481753  |a BIBENE  |b BIBENE  |i 5329248  |o 658.403 MEL 1996  |p 5329248  |r 2025-01-15  |w 2019-11-24  |y BK  |z Catalogado en:20170303  |k ICO